278 Städte in Deutschland (mit Karte) - Statistiken

Allgemein
  • Dieses Quiz wurde 237 mal gespielt
    236 seit der letzten Aktualisierung
  • Das Durchschnittsergebnis liegt bei 105 aus 278
Antworten auf der Karte
Die Antworten werden auf der Karte rot bzw. grün angezeigt, abhängig davon wie oft sie richtig erraten wurden.
 
Antwortstatistiken
Antwort % Korrekt
Bremen
85%
Hamburg
85%
Berlin
81%
Kiel
81%
München
80%
Mainz
79%
Flensburg
78%
Hannover
78%
Bremerhaven
77%
Freiburg
77%
Saarbrücken
77%
Stuttgart
77%
Wiesbaden
77%
Köln
75%
Rostock
75%
Erfurt
74%
Magdeburg
74%
Aachen
73%
Dresden
73%
Mannheim
73%
Nürnberg
73%
Schwerin
73%
Ulm
73%
Dortmund
72%
Jena
72%
Düsseldorf
71%
Kassel
71%
Leipzig
71%
Trier
71%
Bielefeld
70%
Lübeck
70%
Oldenburg
70%
Chemnitz
69%
Koblenz
69%
Potsdam
69%
Augsburg
68%
Duisburg
68%
Gelsenkirchen
68%
Karlsruhe
68%
Konstanz
68%
Münster
68%
Regensburg
68%
Wolfsburg
68%
Fürth
67%
Würzburg
67%
Essen
66%
Heidelberg
66%
Osnabrück
66%
Bonn
65%
Cottbus
65%
Göttingen
65%
Kaiserslautern
65%
Braunschweig
64%
Halle (Saale)
64%
Bochum
63%
Leverkusen
63%
Ludwigshafen
63%
Paderborn
63%
Darmstadt
62%
Gera
62%
Offenbach
61%
Gießen
60%
Ingolstadt
60%
Bayreuth
58%
Mönchengladbach
58%
Wuppertal
58%
Brandenburg an der Havel
57%
Oberhausen
57%
Bamberg
56%
Bergisch Gladbach
56%
Erlangen
56%
Frankfurt (Main)
56%
Hamm
56%
Hof
56%
Fulda
55%
Hildesheim
55%
Tübingen
55%
Aschaffenburg
54%
Hanau
54%
Heilbronn
54%
Salzgitter
54%
Siegen
54%
Zwickau
54%
Baden-Baden
53%
Cuxhaven
53%
Frankfurt (Oder)
52%
Friedrichshafen
52%
Krefeld
52%
Passau
52%
Solingen
52%
Weimar
52%
Greifswald
51%
Herne
51%
Reutlingen
51%
Hagen
50%
Marburg
50%
Neubrandenburg
50%
Pforzheim
50%
Recklinghausen
50%
Worms
50%
Emden
49%
Görlitz
49%
Gütersloh
49%
Mülheim
49%
Stralsund
49%
Bottrop
48%
Kempten
48%
Schweinfurt
48%
Lüneburg
47%
Wilhelmshaven
47%
Ludwigsburg
46%
Ravensburg
46%
Remscheid
46%
Bautzen
44%
Lörrach
44%
Neumünster
44%
Neuss
44%
Aalen
43%
Celle
43%
Düren
42%
Heidenheim
42%
Speyer
42%
Witten
42%
Esslingen
41%
Dessau
40%
Goslar
40%
Villingen-Schwenningen
40%
Moers
39%
Pirmasens
39%
Buxtehude
38%
Coburg
38%
Eisenach
38%
Gotha
38%
Norderstedt
38%
Plauen
38%
Iserlohn
36%
Marl
36%
Meppen
36%
Ratingen
35%
Wetzlar
35%
Ansbach
34%
Rüsselsheim
34%
Böblingen
33%
Dachau
33%
Hameln
33%
Neustadt Dosse
32%
Oranienburg
32%
Peine
32%
Pirna
32%
Schleswig
32%
Schwäbisch Hall
32%
Sindelfingen
32%
Bitburg
31%
Burg
31%
Detmold
31%
Itzehoe
31%
Stendal
31%
Elmshorn
30%
Lünen
30%
Bocholt
29%
Gladbeck
29%
Schwäbisch Gmünd
29%
Sinsheim
29%
Castrop-Rauxel
28%
Jever
28%
Neuruppin
27%
Bernau bei Berlin
26%
Neustrelitz
26%
Bad Tölz
25%
Freital
25%
Halberstadt
25%
Bruchsal
24%
Eisenhüttenstadt
24%
Teltow
24%
Bad Reichenhall
22%
Eberswalde
22%
Fürstenwalde
22%
Königs Wusterhausen
22%
Riesa
22%
Gifhorn
21%
Ibbenbüren
21%
Soltau
21%
Torgau
21%
Wernigerode
21%
Anklam
20%
Eschweiler
20%
Köthen
20%
Verl
20%
Falkensee
19%
Hockenheim
19%
Rathenow
19%
Schwedt Oder
19%
Werder (Havel)
19%
Finsterwalde
18%
Parchim
18%
Prenzlau
18%
Rüdesheim
18%
Wittenberge
18%
Bietigheim-Bissingen
17%
Luckenwalde
17%
Senftenberg
17%
Usedom
17%
Bad Pyrmont
16%
Eichstätt
16%
Hennigsdorf
16%
Butzbach
15%
Forst
15%
Ludwigsfelde
15%
Nauen
15%
Neckarsulm
15%
Spremberg
15%
Strausberg
15%
Taunusstein
15%
Auerbach
14%
Illertissen
14%
Lübben
14%
Schönefeld
14%
Bad Schandau
13%
Dingolfing
13%
Guben
13%
Lübbenau
13%
Mosbach
13%
Templin
13%
Angermünde
12%
Hildburghausen
12%
Hohen Neuendorf
12%
Zossen
12%
Blankenburg
11%
Dietzenbach
11%
Lutherstadt Wittenberg
11%
Mahlow
11%
Tangermünde
11%
Wermelskirchen
11%
Wittstock Dosse
11%
Ahrensfelde
10%
Elsterwerda
10%
Kleinmachnow
10%
Meuselwitz
10%
Thale
10%
Bad Freienwalde
9%
Bischofswerda
9%
Hermsdorf
9%
Lauchhammer
9%
Malchow
9%
Neuenhagen
9%
Sebnitz
9%
Stahnsdorf
9%
Tegernsee
9%
Bad Liebenwerda
8%
Beelitz
8%
Havelsee
8%
Hoppegarten
8%
Wandlitz
8%
Weißensee
8%
Bad Belzig
7%
Bad Sooden-Allendorf
7%
Falkenberg
7%
Fredersdorf
7%
Lichtenberg
7%
Panketal
7%
Petershagen
7%
Rüdersdorf
7%
Wildau
7%
Calau
6%
Ketzin
6%
Mittenwalde
6%
Möckern
6%
Oettingen
6%
Treuenbrietzen
6%
Dellbrück
5%
Michendorf
5%
Storkow
5%
Trebbin
5%
Märkisch Buchholz
4%
Buckow
3%
Jüterborg
3%
Keine übereinstimmenden Quizze gefunden
Verteilung der Resultate
Anzahl Personen mit jedem Resultat
Perzentil nach korrekt beantworteten Fragen
Ihre Resultats-Entwicklung
Sie haben dieses Quiz seit der letzten Aktualisierung nicht gespielt